| 000 | 01603nam a2200409 a 4500 | ||
|---|---|---|---|
| 001 | ebr10453804 | ||
| 003 | CaPaEBR | ||
| 006 | m u | ||
| 007 | cr cn||||||||| | ||
| 008 | 100830s2011 dcua sb 001 0 eng d | ||
| 010 | _z 2010036026 | ||
| 020 | _z9780821385739 (alk. paper) | ||
| 020 | _z9780821385746 (e-book) | ||
| 040 |
_aCaPaEBR _cCaPaEBR |
||
| 035 | _a(OCoLC)711004420 | ||
| 050 | 1 | 4 |
_aHD7091 _b.R63 2011eb |
| 082 | 0 | 4 |
_a331.25/24 _222 |
| 100 | 1 | _aRocha, Roberto Rezende. | |
| 245 | 1 | 0 |
_aAnnuities and other retirement products _h[electronic resource] : _bdesigning the payout phase / _cRoberto Rocha, Dimitri Vittas, Heinz P. Rudolph. |
| 260 |
_aWashington, D.C. : _bWorld Bank, _cc2011. |
||
| 300 |
_axv, 354 p. : _bill. |
||
| 490 | 1 | _aDirections in development. Finance | |
| 504 | _aIncludes bibliographical references and index. | ||
| 533 |
_aElectronic reproduction. _bPalo Alto, Calif. : _cebrary, _d2011. _nAvailable via World Wide Web. _nAccess may be limited to ebrary affiliated libraries. |
||
| 650 | 0 | _aPensions. | |
| 650 | 0 | _aAnnuities. | |
| 650 | 0 | _aOld age pensions. | |
| 650 | 0 |
_aPensions _xGovernment policy. |
|
| 650 | 0 |
_aAnnuities _xGovernment policy. |
|
| 650 | 0 |
_aOld age pensions _xGovernment policy. |
|
| 655 | 7 |
_aElectronic books. _2local |
|
| 700 | 1 | _aVittas, Dimitri. | |
| 700 | 1 | _aRudolph, Heinz P. | |
| 710 | 2 | _aebrary, Inc. | |
| 830 | 0 |
_aDirections in development (Washington, D.C.). _pFinance. |
|
| 856 | 4 | 0 |
_uhttp://site.ebrary.com/lib/rucke/Doc?id=10453804 _zAn electronic book accessible through the World Wide Web; click to view |
| 999 |
_c227855 _d227855 |
||